000 00316nam a22001337a 4500
008 180828b xxu||||| |||| 00| 0 eng d
020 _a9780521755986
041 _aeng
080 _a61
100 _a6
101 _aANE
245 _aMONITORING IN ANESTHESIA AND PERIOPERATIVE CARE
_cREICH.D.L
942 _2udc
_cBK
999 _c47361
_d47361